Catalog

Record Details

Catalog Search



Putování za hlasem Božím : sv. Klement Maria Hofbauer  Cover Image Book Book

Putování za hlasem Božím : sv. Klement Maria Hofbauer / napsal Augustin Purm ; [ilustrace Jan Gabler]

Record details

  • Physical Description: 61 s. : il. ; 15 cm
  • Publisher: Praha : Ústřední církevní nakladatelství, 1989

Content descriptions

General Note:
Vydavatel: Česká katolická Charita
Subject: Hofbauer, Klement Maria, svatý, 1751-1820
křesťanští světci > Česko > 18.-19. století
Genre: biografie

Available copies

  • 1 of 1 copy available at Common Catalog SPOK.

Holds

  • 0 current holds with 1 total copy.
Show All Copies
Location Call Number / Copy Notes Barcode Shelving Location Status Due Date
KDS Library 2:929 PuA 204576803114 Library Available -

LDR 01299nam a2200385 a 4500
00122510
003CZ-PrJAB
00520150723070305.0
007tu
008000216s1989 xr a e 000 mbcze
015 . ‡acnb000631279
020 . ‡q(Brož.)
035 . ‡a(CZ PrNK)cpk20000631279
035 . ‡a(OCoLC)84989114
040 . ‡aABA001 ‡bcze
043 . ‡ae-xr---
045 . ‡av5w2
072 7. ‡a929 ‡xBiografie ‡2Konspekt ‡98
080 . ‡a929 ‡2MRF
080 . ‡a235.3 ‡2MRF
080 . ‡a(092) ‡2MRF
1001 . ‡aPurm, Augustin ‡4aut
24510. ‡aPutování za hlasem Božím : ‡bsv. Klement Maria Hofbauer / ‡cnapsal Augustin Purm ; [ilustrace Jan Gabler]
260 . ‡aPraha : ‡bÚstřední církevní nakladatelství, ‡c1989
300 . ‡a61 s. : ‡bil. ; ‡c15 cm
4901 . ‡aSvětci duchovní obnovy
500 . ‡aVydavatel: Česká katolická Charita
60017. ‡aHofbauer, Klement Maria, ‡csvatý, ‡d1751-1820 ‡7jn20000700725 ‡2czenas
648 7. ‡a18.-19. století ‡7ch757018 ‡2czenas
65007. ‡akřesťanští světci ‡7ph115082 ‡zČesko ‡y18.-19. století ‡2czenas
655 7. ‡abiografie ‡7fd131909 ‡2czenas
7001 . ‡aGabler, Jan, ‡d1952- ‡7xx0020265 ‡4ill
7102 . ‡aKatolická církev. ‡bČeská katolická charita ‡7kn20010725039
830 0. ‡aSvětci duchovní obnovy
910 . ‡aABE463
998 . ‡a000631279
901 . ‡a22510 ‡b ‡c22510 ‡tbiblio

Additional Resources